[Event "58th BRA-chW 2019"]
[Site "Rio de Janeiro"]
[Date "2019.02.17"]
[Round "1.2"]
[White "Reis, Virginia Lagrange M"]
[Black "Alboredo, Julia"]
[Result "1/2-1/2"]
[WhiteElo "1738"]
[BlackElo "2212"]
[Annotator "ChessBase"]
[PlyCount "186"]
[EventDate "2019.02.16"]
[EventType "k.o."]
[EventCountry "BRA"]
[SourceTitle "playchess.com"]
[Source "ChessBase"]
[SourceQuality "1"]
[TimeControl "5400+30"]

1. e4 {[%emt 0:00:00]} c5 {[%emt 0:00:00]} 2. Nf3 {[%emt 0:00:19]} d6 {[%emt 0:00:09]} 3. Bb5+ {[%emt 0:00:46]} Nd7 {[%emt 0:00:11]} 4. a4 {[%emt 0:00:46]} a6 {[%emt 0:01:21]} 5. Be2 {[%emt 0:00:44]} Ngf6 {[%emt 0:00:24]} 6. Nc3 {[%emt 0:00:55]} e6 {[%emt 0:02:22]} 7. O-O {[%emt 0:01:18]} Be7 {[%emt 0:00:51]} 8. a5 {[%emt 0:05:32]} e5 {[%emt 0:08:14]} 9. Bc4 {[%emt 0:05:05]} b5 {[%emt 0:02:54]} 10. Bxf7+ {[%emt 0:14:14]} Kxf7 {[%emt 0:04:30]} 11. Ng5+ {[%emt 0:00:48]} Kg8 {[%emt 0:00:11]} 12. Ne6 {[%emt 0:00:35]} Qe8 {[%emt 0:00:07]} 13. Nc7 {[%emt 0:00:49]} Qg6 {[%emt 0:00:12]} 14. Nxa8 {[%emt 0:00:52]} Nf8 {[%emt 0:21:14]} 15. Nb6 {[%emt 0:10:15]} Bh3 {[%emt 0:02:31]} 16. Qf3 {[%emt 0:02:13]} Bg4 {[%emt 0:00:09]} 17. Qe3 {[%emt 0:01:51]} Nh5 {[%emt 0:03:39]} 18. Nbd5 {[%emt 0:08:01]} Bg5 {[%emt 0:02:38]} 19. d3 {[%emt 0:16:19]} Nf4 {[%emt 0:21:50]} 20. Nxf4 {[%emt 0:10:51]} exf4 {[%emt 0:00:43]} 21. Qd2 {[%emt 0:01:41]} Ne6 {[%emt 0:00:34]} 22. f3 {[%emt 0:02:35]} Bh5 {[%emt 0:00:18]} 23. Nd5 {[%emt 0:00:51]} Kf7 {[%emt 0:00:28]} 24. Qf2 {[%emt 0:01:54]} Qh6 {[%emt 0:14:58]} 25. c3 {[%emt 0:04:05]} Rf8 {[%emt 0:00:58]} 26. b4 {[%emt 0:01:22]} Kg8 {[%emt 0:00:52]} 27. Ba3 {[%emt 0:01:56]} Rc8 {[%emt 0:00:47]} 28. Rac1 {[%emt 0:01:40]} Bf7 {[%emt 0:01:25]} 29. bxc5 {[%emt 0:01:11]} dxc5 {[%emt 0:00:27]} 30. Nb6 {[%emt 0:00:57]} Rd8 {[%emt 0:01:31]} 31. Rfd1 {[%emt 0:00:49]} Bh4 {[%emt 0:00:35]} 32. Qe2 {[%emt 0:00:57]} Kh8 {[%emt 0:06:19]} 33. Bb2 {[%emt 0:00:11]} Qg6 {[%emt 0:00:41]} 34. d4 {[%emt 0:00:27]} c4 {[%emt 0:00:09]} 35. Ba3 {[%emt 0:00:42]} Ng5 {[%emt 0:01:21]} 36. Kh1 {[%emt 0:00:48]} Qh5 {[%emt 0:00:11]} 37. Be7 {[%emt 0:00:27]} Bg3 {[%emt 0:00:08]} 38. h3 {[%emt 0:00:57]} Re8 {[%emt 0:01:36]} 39. Bxg5 {[%emt 0:00:20]} Qxg5 {[%emt 0:02:02]} 40. d5 {[%emt 0:00:24]} Qe5 {[%emt 0:00:00]} 41. Rd4 {[%emt 0:00:33]} Rd8 {[%emt 0:00:00]} 42. Rcd1 {[%emt 0:00:18]} Bh4 {[%emt 0:00:26]} 43. Qd2 {[%emt 0:00:35]} Bf6 {[%emt 0:00:22]} 44. Qf2 {[%emt 0:00:29]} Qd6 {[%emt 0:00:21]} 45. Kh2 {[%emt 0:00:31]} g5 {[%emt 0:01:15]} 46. Rc1 {[%emt 0:00:47]} Kg8 {[%emt 0:00:08]} 47. Rdd1 {[%emt 0:00:18]} h5 {[%emt 0:00:13]} 48. Re1 {[%emt 0:00:34]} Be5 {[%emt 0:00:10]} 49. Kh1 {[%emt 0:00:27]} Kg7 {[%emt 0:00:08]} 50. Qe2 {[%emt 0:00:43]} Rh8 {[%emt 0:00:51]} 51. Kg1 {[%emt 0:00:03]} Rd8 {[%emt 0:00:42]} 52. Kf2 {[%emt 0:00:31]} Qf6 {[%emt 0:00:27]} 53. Qd2 {[%emt 0:00:37]} g4 {[%emt 0:00:31]} 54. hxg4 {[%emt 0:00:18]} hxg4 {[%emt 0:00:00]} 55. Rh1 {[%emt 0:00:23]} Bd6 {[%emt 0:00:30]} 56. Qe2 {[%emt 0:01:25]} g3+ {[%emt 0:00:35]} 57. Kf1 {[%emt 0:00:16]} Be5 {[%emt 0:00:05]} 58. Qd2 {[%emt 0:00:47]} Kg6 {[%emt 0:01:00]} 59. Ke2 {[%emt 0:00:45]} Qd6 {[%emt 0:00:36]} 60. Rh4 {[%emt 0:01:37]} Rh8 {[%emt 0:01:01]} 61. Rxh8 {[%emt 0:00:27]} Bxh8 {[%emt 0:00:01]} 62. Rh1 {[%emt 0:00:31]} Bf6 {[%emt 0:00:07]} 63. Qc2 {[%emt 0:00:24]} Be5 {[%emt 0:00:29]} 64. Kd1 {[%emt 0:01:28]} Qa3 {[%emt 0:00:16]} 65. Nd7 {[%emt 0:00:35]} Qa1+ {[%emt 0:01:30]} 66. Qc1 {[%emt 0:00:22]} Qxc3 {[%emt 0:00:43]} 67. Qxc3 {[%emt 0:00:18]} Bxc3 {[%emt 0:00:02]} 68. Rh4 {[%emt 0:00:24]} Be8 {[%emt 0:00:33]} 69. Nc5 {[%emt 0:00:16]} Bxa5 {[%emt 0:00:16]} 70. Nxa6 {[%emt 0:00:26]} b4 {[%emt 0:00:16]} 71. e5 {[%emt 0:01:22]} Ba4+ {[%emt 0:00:06]} 72. Kc1 {[%emt 0:00:01]} b3 {[%emt 0:00:38]} 73. Rxf4 {[%emt 0:00:13]} Bb5 {[%emt 0:00:03]} 74. Nc5 {[%emt 0:00:20]} Bb4 {[%emt 0:00:19]} 75. Nxb3 {[%emt 0:00:14]} Ba3+ {[%emt 0:00:56]} 76. Kc2 {[%emt 0:00:02]} cxb3+ {[%emt 0:00:05]} 77. Kxb3 {[%emt 0:00:02]} Bc1 {[%emt 0:00:12]} 78. Rf6+ {[%emt 0:00:26]} Kg7 {[%emt 0:01:10]} 79. Rb6 {[%emt 0:01:02]} Bf1 {[%emt 0:00:16]} 80. d6 {[%emt 0:00:33]} Bxg2 {[%emt 0:00:53]} 81. d7 {[%emt 0:01:11]} Bg5 {[%emt 0:00:03]} 82. f4 {[%emt 0:00:45]} Bd5+ {[%emt 0:00:15]} 83. Kc3 {[%emt 0:00:11]} Bd8 {[%emt 0:00:45]} 84. Rb1 {[%emt 0:00:52]} Kg6 {[%emt 0:00:49]} 85. Rg1 {[%emt 0:00:45]} g2 {[%emt 0:00:03]} 86. Kd4 {[%emt 0:00:10]} Ba8 {[%emt 0:00:53]} 87. Kc5 {[%emt 0:00:39]} Be7+ {[%emt 0:00:15]} 88. Kb6 {[%emt 0:00:21]} Kf5 {[%emt 0:00:59]} 89. Kc7 {[%emt 0:00:51]} Kxf4 {[%emt 0:00:08]} 90. e6 {[%emt 0:00:41]} Kf5 {[%emt 0:00:27]} 91. Kc8 {[%emt 0:00:40]} Bd5 {[%emt 0:01:06]} 92. d8=Q {[%emt 0:00:23]} Bxd8 {[%emt 0:00:05]} 93. Kxd8 {[%emt 0:00:11]} Kxe6 {[%emt 0:00:04]} 1/2-1/2

[Event "58th BRA-chW 2019"]
[Site "Rio de Janeiro"]
[Date "2019.02.17"]
[Round "1.3"]
[White "Tamarozi, Isabelle"]
[Black "Kanzler, Karina Daniela Ferr"]
[Result "1-0"]
[WhiteElo "1937"]
[BlackElo "1913"]
[Annotator "NA"]
[PlyCount "85"]
[EventDate "2019.02.16"]
[EventType "k.o."]
[EventCountry "BRA"]
[SourceTitle "playchess.com"]
[Source "ChessBase"]
[SourceQuality "1"]

1. e4 c6 2. d4 d5 3. e5 Bf5 4. h4 h6 5. g4 Be4 6. f3 Bg6 7. h5 Bh7 8. e6 fxe6 9. Bd3 Bxd3 10. Qxd3 Qd6 11. Qg6+ Kd7 12. f4 Nf6 13. Nf3 Kc7 14. Ne5 Rg8 15. Nd2 c5 16. Ndf3 Nc6 17. g5 cxd4 18. gxf6 exf6 19. Nxc6 Kxc6 20. Nxd4+ Kb6 21. Be3 Qb4+ 22. c3 Qa4 23. Nxe6+ Kc6 24. Nd4+ Kb6 25. Ne6+ Kc6 26. Qf7 Bd6 27. Nd4+ Kb6 28. Qxd5 Bc5 29. b4 Bxd4 30. Bxd4+ Ka6 31. Qc4+ Qb5 32. Qxb5+ Kxb5 33. a4+ Kc4 34. Kd2 Rad8 35. Rae1 Rd7 36. Rhg1 Rgd8 37. Kc2 Rd5 38. Rxg7 Rxh5 39. Rc7+ Kd5 40. Rxb7 Kc4 41. Rc7+ Kd5 42. Rc5+ Kd6 43. Rxh5 {Kd5 [%clk 0:00:00]} 1-0

[Event "58th BRA-chW 2019"]
[Site "Rio de Janeiro"]
[Date "2019.02.17"]
[Round "1.4"]
[White "Kanzler, Karina Daniela Ferr"]
[Black "Tamarozi, Isabelle"]
[Result "0-1"]
[WhiteElo "1913"]
[BlackElo "1937"]
[Annotator "NA"]
[PlyCount "140"]
[EventDate "2019.02.16"]
[EventType "k.o."]
[EventCountry "BRA"]
[SourceTitle "playchess.com"]
[Source "ChessBase"]
[SourceQuality "1"]

1. Nf3 Nf6 2. d4 g6 3. Bg5 Bg7 4. c3 b6 5. Nbd2 Bb7 6. e3 d6 7. Bd3 O-O 8. O-O Nbd7 9. e4 $11 {LiveBook: 38 Games} h6 10. Bh4 g5 11. Bg3 Nh5 12. Re1 Nxg3 13. hxg3 e6 14. Rc1 Qe7 15. Bb1 e5 16. d5 Bc8 17. Nf1 Re8 18. Ne3 Nf8 19. Nf5 Qf6 20. Nxg7 Kxg7 21. Nh2 Qg6 22. Qd2 g4 23. Nf1 Nh7 24. c4 Ng5 25. b4 Rh8 26. c5 h5 27. cxd6 cxd6 28. Rc7 h4 29. gxh4 Rxh4 30. Ng3 Qh6 31. Kf1 Ba6+ 32. Bd3 Bxd3+ 33. Qxd3 Kg8 34. Ke2 Rh2 35. Rg1 Qf6 36. Nf5 Rh5 37. Rgc1 Kh7 38. Rd7 Nxe4 39. Ng3 Qxf2+ 40. Kd1 Qxg3 41. Qxe4+ Kg8 42. Rcc7 Rh1+ 43. Kc2 Rh2 44. Kb1 Rxg2 45. Rxf7 Rg1+ 46. Kb2 Rg2+ 47. Kb1 Rg1+ 48. Kc2 Rg2+ 49. Kd1 Rg1+ 50. Kd2 Rg2+ 51. Kc1 Rg1+ 52. Kb2 Rg2+ 53. Kc1 Rg1+ 54. Kc2 Rg2+ 55. Kd1 Rg1+ 56. Kd2 Rg2+ 57. Kc1 Rg1+ 58. Kb2 Rg2+ 59. Rc2 Rxc2+ 60. Qxc2 Kxf7 61. Qc7+ Kg8 62. Qxd6 Qf2+ 63. Kb3 Qf3+ 64. Ka4 Qd1+ 65. Kb5 Qd3+ 66. Kc6 Rc8+ 67. Kd7 Qf5+ 68. Qe6+ Qxe6+ 69. dxe6 Ra8 70. e7 Kf7 0-1

[Event "58th BRA-chW 2019"]
[Site "Rio de Janeiro"]
[Date "2019.02.18"]
[Round "2.1"]
[White "Terao, Juliana Sayumi"]
[Black "Tamarozi, Isabelle"]
[Result "1-0"]
[WhiteElo "2241"]
[BlackElo "1937"]
[Annotator "TA"]
[PlyCount "55"]
[EventDate "2019.02.16"]
[EventType "k.o."]
[EventCountry "BRA"]
[SourceTitle "playchess.com"]
[Source "ChessBase"]
[SourceQuality "1"]

{[%evp 13,55,28,29,0,50,20,50,42,46,40,50,37,52,51,38,42,42,41,56,43,68,62,96,91,102,93,252,252,251,240,247,246,360,264,849,645,621,565,902,871,1143,1141,1063,777]} 1. e4 c5 2. Nf3 Nc6 3. c3 Nf6 4. e5 Nd5 5. Bc4 Nb6 6. Bb3 d6 7. exd6 Qxd6 8. Na3 {B22: Sicilian: 2 c3} Qd8 (8... a6 9. O-O Bf5 10. d4 cxd4 11. Nxd4 Nxd4 12. cxd4 e6 13. Qf3 Qd7 14. Qg3 Bg6 15. Bf4 Bxa3 16. bxa3 O-O 17. Rac1 Rac8 18. h4 Nd5 19. Bd6 Nc3 20. Rce1 {0-1 (38) Mamedov,R (2699)-Navara,D (2740) Porto Carras 2018}) 9. O-O (9. d4 {keeps more tension.} e6 10. O-O cxd4 11. Nb5 Be7 12. Nbxd4 Nxd4 13. Nxd4 Bf6 14. Qe2) 9... e6 10. Qe2 {White is slightly better.} Be7 11. Rd1 Bf6 $146 {[#]} ({Predecessor:} 11... Bd7 12. d4 cxd4 13. Nxd4 Nxd4 14. Rxd4 O-O 15. Nb5 Bc5 {1-0 (28) Van Mil,J (2435)-Sher,M (2510) Isle of Man 1995}) 12. d4 $1 {[%mdl 512]} cxd4 13. Nb5 $36 {[%cal Rf3d4][%mdl 2048] White is more active.} O-O 14. Nbxd4 Nxd4 15. Nxd4 Qe7 16. Qf3 Nd7 17. Be3 Rb8 18. Re1 Ne5 19. Qg3 {And now Bd2 would win.} Bd7 $2 {[#]} (19... Ra8 $16) 20. Bf4 $18 Bh4 21. Qh3 Ng6 22. Bxb8 e5 (22... Rxb8 $142 23. Rad1 Qc5) 23. Qf3 Qg5 $2 (23... Rxb8 24. Nf5 Qf6) 24. Qxb7 {White is clearly winning.} Bc8 25. Qe4 Bh3 26. g3 exd4 27. Bd6 Bf5 28. Qd5 {Accuracy: White = 47%, Black = 36%.} 1-0

[Event "58th BRA-chW 2019"]
[Site "Rio de Janeiro"]
[Date "2019.02.18"]
[Round "2.1"]
[White "Librelato, Kathie Goulart"]
[Black "Medeiros, Thauane Ferreira"]
[Result "1-0"]
[WhiteElo "2172"]
[BlackElo "1947"]
[Annotator "TA"]
[PlyCount "67"]
[EventDate "2019.02.16"]
[EventType "k.o."]
[EventCountry "BRA"]
[SourceTitle "playchess.com"]
[Source "ChessBase"]
[SourceQuality "1"]

{[%evp 9,67,7,6,0,5,5,7,0,-3,-4,0,-7,23,14,13,28,33,33,20,16,25,-7,68,66,104,116,112,98,103,96,103,104,98,100,166,166,231,239,237,231,235,233,349,354,360,360,357,359,427,474,556,572,570,571,597,572,622,641,631,613]} 1. e4 c5 2. d3 Nc6 3. f4 g6 4. Nf3 d5 (4... Bg7 5. Be2 Nf6 6. O-O O-O 7. Qe1 e6 8. c3 b6 9. Na3 Ba6 10. Kh1 d6 11. Nc2 Qe7 12. Ne3 Rad8 13. Bd2 {0-1 (57) McShane,L (2640)-Georgiev,K (2623) Riadh 2017}) 5. Be2 dxe4 6. dxe4 {B21: Sicilian: 2 f4 and Morra Gambit} Qxd1+ 7. Bxd1 Bg7 8. c3 {The position is equal.} Nf6 9. Nbd2 O-O 10. Bb3 $146 ({Predecessor:} 10. Bc2 b6 11. e5 {1-0 (43) Rasmussen,A (2446)-Poulsen,I (2156) Esbjerg 2007}) 10... Nh5 11. g3 e5 12. fxe5 Nxe5 13. Nxe5 Bxe5 14. Nf3 Bg7 15. Ng5 Bf6 ({Black should play} 15... h6 $11 16. Nxf7 Rxf7) 16. O-O $14 Bxg5 17. Bxg5 Bh3 18. Rf2 $36 {[%mdl 2048] Black must now prevent Be7. White is really pushing.} Rae8 19. Bd5 b6 20. Bh6 Ng7 21. a4 c4 (21... Re7 $16) 22. Bf4 $18 Be6 (22... Rd8 $142 23. Bxc4 Ne6) 23. Bd6 Bxd5 24. exd5 Nf5 25. Bxf8 Rxf8 {[%mdl 4096] Endgame KRR-KRN} (25... Kxf8 $142 26. Rd1 Nd6) 26. Re1 Rd8 27. g4 Nh6 28. Re7 Rxd5 29. Rxa7 {White is clearly winning.} Rg5 30. h3 Rd5 31. Kh2 Kg7 32. Rc7 Kf8 33. Rxc4 Ke7 34. Rc6 {Accuracy: White = 73%, Black = 41%.} 1-0

[Event "58th BRA-chW 2019"]
[Site "Rio de Janeiro"]
[Date "2019.02.17"]
[Round "2.1"]
[White "Librelato, Kathie Goulart"]
[Black "Vieira, Julia"]
[Result "1-0"]
[WhiteElo "2172"]
[BlackElo "1768"]
[Annotator "NA"]
[PlyCount "103"]
[EventDate "2019.02.16"]
[EventType "k.o."]
[EventCountry "BRA"]
[SourceTitle "playchess.com"]
[Source "ChessBase"]
[SourceQuality "1"]
[TimeControl "5400+30"]

1. e4 {[%emt 0:00:00]} Nf6 {[%emt 0:02:35]} 2. e5 {[%emt 0:00:00]} Nd5 {[%emt 0:00:04]} 3. d4 {[%emt 0:00:00]} d6 {[%emt 0:00:02]} 4. Nf3 {[%emt 0:00:00]} dxe5 {[%emt 0:00:13]} 5. Nxe5 {[%emt 0:00:06]} c6 {[%emt 0:00:05]} 6. Be2 {[%emt 0:00:25]} Bf5 {[%emt 0:00:10] B04: Alekhine's Defence: 4 Nf3} 7. O-O {[%emt 0:01:38]} (7. c3 Nd7 8. Nf3 e6 9. O-O Bd6 10. Re1 O-O 11. Nbd2 h6 12. Nc4 Bc7 13. a4 a5 14. Bd3 {1-0 (40) Vachier Lagrave,M (2779)-Dominguez Perez,L (2739) chess.com INT 2018}) 7... Nd7 {[%emt 0:00:11]} 8. Nf3 {[%emt 0:02:07]} e6 {[%emt 0:00:23]} 9. c4 {[%emt 0:08:46]} N5f6 {[%emt 0:02:11]} 10. Bf4 {[%emt 0:05:20]} Be7 {[%emt 0:00:58]} 11. Nc3 {[%emt 0:01:06]} O-O {[%emt 0:00:33]} 12. h3 {[%emt 0:13:24]} h6 {[%emt 0:02:53]} 13. Re1 {[%emt 0:00:10]} Ne4 {[%emt 0:02:11]} 14. Nxe4 {[%emt 0:21:05]} Bxe4 {[%emt 0:00:04]} 15. Qd2 $146 {[%emt 0:00:40]} Nf6 {[%emt 0:02:28]} 16. Rad1 {[%emt 0:02:33]} Re8 {[%emt 0:20:48]} 17. Bh2 {[%emt 0:02:36]} c5 {[%emt 0:09:52]} 18. Qc3 {[%emt 0:05:01]} Qb6 {[%emt 0:06:14]} 19. a3 {[%emt 0:08:31]} Rad8 {[%emt 0:07:41]} 20. Be5 {[%emt 0:00:15]} cxd4 {[%emt 0:12:37]} 21. Nxd4 {[%emt 0:03:30]} a5 {[%emt 0:10:17]} 22. Nb5 {[%emt 0:05:34]} Rxd1 {[%emt 0:08:56]} 23. Rxd1 {[%emt 0:00:07]} Bc6 {[%emt 0:00:17]} 24. Qg3 {[%emt 0:14:59]} Bxb5 {[%emt 0:02:22]} 25. cxb5 {[%emt 0:00:01]} Rd8 {[%emt 0:01:07]} 26. Rc1 {[%emt 0:00:55]} Bd6 {[%emt 0:01:28]} 27. Bxd6 {[%emt 0:01:11]} Qxd6 {[%emt 0:02:13]} 28. Qxd6 {[%emt 0:01:18]} Rxd6 {[%emt 0:00:01]} 29. Rc8+ {[%emt 0:00:01]} Kh7 {[%emt 0:05:36]} 30. Rc7 {[%emt 0:00:10]} Rd7 {[%emt 0:00:00]} 31. b6 {[%emt 0:00:29]} Kg6 {[%emt 0:00:00]} 32. Bf3 {[%emt 0:00:36]} Rd6 {[%emt 0:00:08]} 33. Rxb7 {[%emt 0:00:30]} Nd7 {[%emt 0:00:56]} 34. Ra7 {[%emt 0:01:16]} Nxb6 {[%emt 0:00:09]} 35. Rxa5 {[%emt 0:00:02]} Nc4 {[%emt 0:00:24]} 36. Rb5 {[%emt 0:00:33]} Rd2 {[%emt 0:00:14]} 37. a4 {[%emt 0:00:29]} Nxb2 {[%emt 0:00:18]} 38. a5 {[%emt 0:01:08]} Nc4 {[%emt 0:00:11]} 39. Rc5 {[%emt 0:01:45]} Nd6 {[%emt 0:00:42]} 40. a6 {[%emt 0:00:57]} Ra2 {[%emt 0:00:15]} 41. Rc6 {[%emt 0:00:19]} Nb5 {[%emt 0:00:11] [#]} (41... Ne8 $11) 42. Rb6 {[%emt 0:00:50]} ({White should play} 42. Be4+ $1 $16 Kf6 43. Bd3 Ra1+ 44. Kh2) 42... Nc7 {[%emt 0:01:20]} 43. Bb7 {[%emt 0:00:16]} Kf6 {[%emt 0:00:21]} 44. Kf1 $11 {[%emt 0:00:38]} Ke7 {[%emt 0:00:26]} 45. Ke1 {[%emt 0:00:30]} Kd7 {[%emt 0:00:45]} 46. f4 {[%emt 0:00:39]} Nd5 {[%emt 0:00:40]} 47. Bxd5 {[%emt 0:00:29]} exd5 {[%emt 0:00:02]} 48. Rb7+ {[%emt 0:00:05]} Kc6 {[%emt 0:00:33]} 49. Rxf7 {[%emt 0:00:16]} Rxg2 {[%emt 0:00:32]} 50. a7 {[%emt 0:00:21]} Ra2 {[%emt 0:00:08]} 51. Rxg7 {[%emt 0:00:07]} h5 {[%emt 0:00:37]} 52. f5 {[%emt 0:01:00]} 1-0

[Event "58th BRA-chW 2019"]
[Site "Rio de Janeiro"]
[Date "2019.02.17"]
[Round "2.1"]
[White "Gazola, Vanessa Ramos"]
[Black "Melo, Gabrieli De"]
[Result "1/2-1/2"]
[WhiteElo "1951"]
[BlackElo "1792"]
[Annotator "NA"]
[PlyCount "169"]
[EventDate "2019.02.16"]
[EventType "k.o."]
[EventCountry "BRA"]
[SourceTitle "playchess.com"]
[Source "ChessBase"]
[SourceQuality "1"]
[TimeControl "5400+30"]

1. d4 {[%emt 0:00:00]} Nf6 {[%emt 0:00:00]} 2. c4 {[%emt 0:00:00]} e6 {[%emt 0:00:00]} 3. g3 {[%emt 0:00:00]} d5 {[%emt 0:00:30]} 4. Nf3 {[%emt 0:00:02]} Be7 {[%emt 0:01:08]} 5. Bg2 {[%emt 0:00:08]} O-O {[%emt 0:00:10]} 6. O-O {[%emt 0:00:16]} Nbd7 {[%emt 0:01:21]} 7. b3 {[%emt 0:04:06]} b6 {[%emt 0:03:41]} 8. Qc2 {[%emt 0:05:17] E07: Closed Catalan: Main Line (5 Nf3 0-0 6 0-0 Nbd7)} Bb7 {[%emt 0:01:21]} 9. cxd5 {[%emt 0:00:12]} exd5 {[%emt 0:01:16]} 10. Bf4 $146 {[%emt 0:00:58]} ({Predecessor:} 10. Ba3 Bxa3 11. Nxa3 c5 12. Rfd1 Qe7 13. Qb2 Rfe8 14. e3 Ne4 15. Nb5 Ndf6 16. Ne5 {½-½ (66) Lajthajm,B (2525)-Abramovic,B (2437) Vrnjacka Banja 2014}) 10... Rc8 {[%emt 0:01:22]} 11. Nc3 {[%emt 0:08:35]} a6 {[%emt 0:04:05]} 12. Rfd1 {[%emt 0:05:27]} Nh5 {[%emt 0:08:18]} 13. Be3 {[%emt 0:02:39]} Nhf6 {[%emt 0:03:27]} 14. Bh3 {[%emt 0:01:37]} Bd6 {[%emt 0:10:27]} 15. Bg5 {[%emt 0:01:06]} Rb8 {[%emt 0:03:16]} 16. Nh4 {[%emt 0:03:36]} (16. Bxd7 $14 Qxd7 17. Bxf6 gxf6 18. Nh4) 16... h6 {[%emt 0:05:17]} 17. Bc1 {[%emt 0:05:27]} Ne4 {[%emt 0:06:39]} 18. Nf5 {[%emt 0:04:28]} Ndf6 {[%emt 0:02:37]} 19. Nxd6 {[%emt 0:01:35]} Nxd6 {[%emt 0:01:32]} 20. Ba3 {[%emt 0:02:39]} Bc8 {[%emt 0:02:25]} 21. Bg2 {[%emt 0:02:40]} Be6 {[%emt 0:00:40]} 22. Na4 {[%emt 0:05:49]} (22. f3 $16) 22... Qd7 {[%emt 0:03:07]} 23. Rac1 {[%emt 0:02:06]} Rfc8 {[%emt 0:01:19]} 24. e3 {[%emt 0:03:54]} Nb5 {[%emt 0:07:00]} 25. Bb4 {[%emt 0:01:37]} a5 {[%emt 0:01:10]} 26. Be1 {[%emt 0:03:56]} Bf5 {[%emt 0:02:39]} 27. Qe2 {[%emt 0:01:23]} Nd6 {[%emt 0:01:41]} 28. Nb2 {[%emt 0:01:05]} Qb5 {[%emt 0:02:27]} 29. Qxb5 {[%emt 0:02:42]} Nxb5 {[%emt 0:00:08]} 30. Bf1 {[%emt 0:00:06]} c6 {[%emt 0:01:12]} 31. Nd3 {[%emt 0:03:14]} Bxd3 {[%emt 0:03:54]} 32. Bxd3 {[%emt 0:00:08]} Nd6 {[%emt 0:00:28]} 33. Rc2 {[%emt 0:00:49]} Nb7 {[%emt 0:05:22]} 34. Rdc1 {[%emt 0:02:43]} Nd8 {[%emt 0:00:25]} 35. b4 {[%emt 0:00:56]} b5 {[%emt 0:01:47]} 36. bxa5 {[%emt 0:00:33]} Kf8 {[%emt 0:00:50]} 37. Bb4+ {[%emt 0:00:42]} Ke8 {[%emt 0:00:07]} 38. f3 {[%emt 0:06:18]} Kd7 {[%emt 0:01:17]} 39. g4 {[%emt 0:04:26]} g6 {[%emt 0:00:24]} 40. h4 {[%emt 0:00:13]} Ne6 {[%emt 0:02:10]} 41. Rg2 {[%emt 0:00:52]} h5 {[%emt 0:01:21]} 42. gxh5 {[%emt 0:02:07]} Nxh5 {[%emt 0:00:07]} 43. f4 {[%emt 0:00:04]} Rg8 {[%emt 0:00:44]} 44. f5 {[%emt 0:02:00]} gxf5 {[%emt 0:00:29]} 45. Bxf5 {[%emt 0:00:11]} Ng3 {[%emt 0:01:19]} 46. Bxe6+ {[%emt 0:01:48]} fxe6 {[%emt 0:00:30]} 47. Kh2 {[%emt 0:03:30]} Nf5 {[%emt 0:00:39]} 48. Rcg1 {[%emt 0:01:53]} Rh8 {[%emt 0:00:56]} 49. Rg4 {[%emt 0:01:30]} Rh7 {[%emt 0:00:25]} 50. Be1 {[%emt 0:01:02]} b4 {[%emt 0:01:37] [#]} 51. e4 $15 {[%emt 0:01:57]} ({White should play} 51. Rg8 $1 $16 {[%cal Rg8b8]} Rxg8 52. Rxg8) 51... dxe4 {[%emt 0:00:15]} 52. Rxe4 {[%emt 0:00:08]} Rb5 {[%emt 0:01:46]} 53. Re5 {[%emt 0:02:17]} Nxd4 {[%emt 0:01:16]} 54. Rxb5 {[%emt 0:00:23]} Nxb5 {[%emt 0:00:11]} 55. Rg5 {[%emt 0:02:16]} Nd4 {[%emt 0:03:02]} 56. Kg2 {[%emt 0:01:28]} Nf5 {[%emt 0:00:59]} 57. Bxb4 {[%emt 0:00:24]} Rxh4 {[%emt 0:00:25]} 58. a3 {[%emt 0:00:07]} Rh7 {[%emt 0:01:27]} 59. Kf2 {[%emt 0:00:39]} Rh8 {[%emt 0:01:47]} 60. Ke2 {[%emt 0:00:23]} Kc7 {[%emt 0:00:18]} 61. Kd3 {[%emt 0:00:25]} Kb7 {[%emt 0:00:32]} 62. Rg6 {[%emt 0:00:39]} Re8 {[%emt 0:00:56]} 63. Kc4 {[%emt 0:00:21]} Ne3+ {[%emt 0:00:20]} 64. Kc5 {[%emt 0:00:23]} Nf5 {[%emt 0:00:12]} 65. Rf6 {[%emt 0:00:29]} Re7 {[%emt 0:02:36]} 66. Rf8 {[%emt 0:01:14]} Rd7 {[%emt 0:00:15]} 67. a6+ {[%emt 0:00:27]} Ka7 {[%emt 0:01:21]} 68. Kxc6 {[%emt 0:00:11]} Rd5 {[%emt 0:00:41]} 69. Bc5+ {[%emt 0:00:43]} Rxc5+ {[%emt 0:00:15]} 70. Kxc5 {[%emt 0:00:05]} Kxa6 {[%emt 0:00:15]} 71. Kc6 {[%emt 0:00:23]} Nd4+ {[%emt 0:00:35]} 72. Kd6 {[%emt 0:00:58]} Kb5 {[%emt 0:00:23]} 73. Ke5 {[%emt 0:00:16]} Nc2 {[%emt 0:00:37]} 74. Ra8 {[%emt 0:00:26]} Ne3 {[%emt 0:00:27]} 75. Kxe6 {[%emt 0:00:17]} Nc4 {[%emt 0:00:07]} 76. a4+ {[%emt 0:00:06]} Kb4 {[%emt 0:00:42]} 77. Ra6 {[%emt 0:00:36]} Na5 {[%emt 0:00:16]} 78. Kd5 {[%emt 0:00:26]} Nc4 {[%emt 0:01:05]} 79. Kd4 {[%emt 0:01:34]} Na5 {[%emt 0:00:21]} 80. Ra8 {[%emt 0:00:46]} Nc6+ {[%emt 0:00:21]} 81. Kd5 {[%emt 0:00:39]} Na5 {[%emt 0:00:08]} 82. Ra7 {[%emt 0:00:23]} Nb3 {[%emt 0:01:01]} 83. Rb7+ {[%emt 0:00:39]} Kxa4 {[%emt 0:00:09]} 84. Kc4 {[%emt 0:00:07]} Na5+ {[%emt 0:00:02]} 85. Kd4 {[%emt 0:01:30]} 1/2-1/2

[Event "58th BRA-chW 2019"]
[Site "Rio de Janeiro"]
[Date "2019.02.18"]
[Round "2.1"]
[White "Guimaraes, Artemis Pamela"]
[Black "Alboredo, Julia"]
[Result "1/2-1/2"]
[WhiteElo "1939"]
[BlackElo "2212"]
[Annotator "RC"]
[PlyCount "112"]
[EventDate "2019.02.16"]
[EventType "k.o."]
[EventCountry "BRA"]
[SourceTitle "playchess.com"]
[Source "ChessBase"]
[SourceQuality "1"]

1. e4 c5 2. Nf3 d6 3. Bb5+ Nd7 4. a4 Ngf6 5. Nc3 a6 6. Bc4 Qa5 7. O-O b5 8. Ba2 e6 9. d3 b4 10. Ne2 Be7 11. Bd2 Qc7 12. Ng3 a5 13. Bc4 O-O 14. c3 Bb7 15. Re1 Bc6 16. Bf4 Qb7 17. Qc2 h6 18. Rad1 Rfe8 19. d4 Nxe4 20. Nxe4 Bxe4 21. Qxe4 Qxe4 22. Rxe4 d5 23. Bb5 dxe4 24. Bxd7 exf3 25. Bxe8 Rxe8 26. dxc5 Bxc5 27. cxb4 Bxb4 28. gxf3 Rc8 29. Rd3 Rc2 30. b3 f6 31. Bd6 Be1 32. Bg3 e5 33. Re3 Bb4 34. f4 Bc5 35. Re4 exf4 36. Rxf4 Kf7 37. Rc4 Rxc4 38. bxc4 Ke6 39. Bc7 Bb4 40. Bb6 Kd6 41. c5+ Kc6 42. Kg2 g5 43. f3 f5 44. h3 Kd5 45. f4 Bxc5 46. Bxa5 gxf4 47. Kf3 Bd6 48. Bd2 h5 49. Bxf4 Bb4 50. Bc7 Kc6 51. Bd8 Kd7 52. Bb6 Bd6 53. Be3 Kc6 54. Bf4 Bb4 55. Be3 Bd6 56. Bf4 Kd5 1/2-1/2